[Event "Saint Affrique op 22nd"]
[Site "Saint Affrique"]
[Date "2014.07.21"]
[Round "3"]
[White "Gachon, Valentin"]
[Black "Coquelle, Arnaud"]
[Result "0-1"]
[WhiteElo "1301"]
[BlackElo "1760"]
[PlyCount "52"]
[EventDate "2014.07.19"]
[EventType "swiss"]
[EventRounds "9"]
[EventCountry "FRA"]
[SourceTitle "CBM 161 Extra"]
[Source "ChessBase"]
[SourceDate "2014.08.29"]
[SourceVersion "1"]
[SourceVersionDate "2014.08.29"]
[SourceQuality "1"]

1. e4 a6 2. Nf3 b5 3. d4 Bb7 4. Bd3 Nf6 5. Nc3 b4 6. e5 bxc3 7. exf6 exf6 8. bxc3 Be7 9. 0-0 0-0 10. Bf4 d6 11. Re1 Nd7 12. Rb1 Nb6 13. Nh4 Re8 14. Nf5 Bf8 15. h4 Rxe1+ 16. Qxe1 Qe8 17. Qd1 Be4 18. Qg4 Nd5 19. Re1 Bxf5 20. Rxe8 Bxg4 21. Rxa8 Nxf4 22. Bxh7+ Kxh7 23. Rxf8 Be6 24. Kf1 Ng6 25. Ra8 Nxh4 26. Rxa6 Bc4+ 0-1